Kong men yi guan zhe xue gai lun /

Saved in:
நூற்பட்டியல் விவரங்கள்
தலைமை எழுத்தாளர்: Lan, Ziwo.
வடிவம்: புத்தகம்
மொழி:Chinese
வெளியீடப்பட்டது: Shanghai : Shang wu yin shu guan, 1928
பதிப்பு:Chu ban.
தொகுதி:Guo xue xiao cong shu.
பகுதிகள்:
குறியீடுகள்: குறிச்சொல் இணை
குறியீடுகள் இல்லை, இந்த குறிச்சொல்லை முதலில் பதிவு செய்யுங்கள்!
LEADER 00928cam a2200277ua 4500
001 007724265-3
005 20024617105648.0
008 920529s1930 cc 000 0 chi d
035 0 |a ocm25907473 
040 |a *BNJ*  |c *BNJ*  |d *YNH*  |d CStRLIN 
100 1 |6 880-01  |a Lan, Ziwo. 
245 1 0 |6 880-02  |a Kong men yi guan zhe xue gai lun /  |c Lan Ziwo zhu. 
250 |6 880-03  |a Chu ban. 
260 |6 880-04  |a Shanghai :  |b Shang wu yin shu guan,  |c 1928  |g (1933 printing) 
300 |a 281 p. ;  |c 19 cm. 
490 1 |6 880-05  |a Guo xue xiao cong shu 
650 0 |a Philosophy, Confucian. 
880 1 |6 100-01  |a 蘭自我. 
880 1 0 |6 245-02  |a 孔門一貫哲學槪論 /  |c 蘭自我著. 
880 |6 250-03  |a 初版. 
880 |6 260-04  |a 上海 :  |b 商務印書館,  |c 1928  |g (1933 printing) 
880 1 |6 490-05  |a 國學小叢書 
830 0 |6 880-55  |a Guo xue xiao cong shu. 
880 0 |6 830-55  |a 國學小叢書. 
988 |a 20021103 
906 |0 OCLC